| 000 | 00543nam a2200205 a 4500 | ||
|---|---|---|---|
| 005 | 20240924071012.0 | ||
| 008 | 991125s1964 es 000 0 spa u | ||
| 035 | _aUPN01000005179 | ||
| 049 | _aCG | ||
| 050 | 4 |
_aLB1050 _bL4.2 1964 |
|
| 100 | 1 |
_aLaín Entralgo, Pedro, _d1908- |
|
| 245 | 1 | 3 |
_aLa aventura de leer / _cPedro Laín Entralgo. |
| 250 | _a2a ed. | ||
| 260 |
_aMadrid : _bEspasa-Calpe, _c1964. |
||
| 300 | _a224 p. | ||
| 440 | 0 |
_aAustral ; _v1279 |
|
| 650 | 4 |
_aLectura _913351 |
|
| 650 | 4 |
_aLibros y lectura _95227 |
|
| 905 | _aLibro | ||
| 999 |
_c5179 _d5179 |
||